000 00800 a2200205 4500
001 3353
005 20260407155428.0
008 260407a1982 arg spa d
003 AR-UNSa-BCEJYS
040 _aAR-UNSa-BCEJYS
_bspa
_cAR-UNSa-BCEJYS
080 _a657.47
_xContabilidad de Costos
245 1 0 _aEl proceso decisional y los costos
264 1 _aBuenos Aires :
_bEdiciones Macchi
_c1982
300 _a164 p.
_c22 cm.
505 _a1. El proceso decisional y los costos 2. La estructura de costos de la empresa - 3. El proceso de generación de los resultados
942 _cBK
590 _aniveau_biblio:m niveau_hierar:0
100 1 _aWajchman, Mauricio
856 4 1 _uhttps://t0.gstatic.com/images?q=tbn:ANd9GcQkDlEXVCQpzTkWi7BOlDTV7-KjuR0080TSAZv3ZRspC4VsPOKt
_yImagen de portada
_qimage/jpeg
999 _c322
_d322